Quick Pick: Car Slogans Quiz Stats

 Plays Quiz Updated Apr 21, 2016

Also try: Quick Pick: Ironic
Challenge
Share
Tweet
Embed
Score 0/11 Timer 01:00
0 Plays Today
% Correct
Dodge
79.2%
Mazda
71.3%
BMW
61.5%
Mercedes-Benz
52.6%
Volkswagen
43.3%
Toyota
39.1%
Lexus
37.8%
Kia
32.3%
Ford
31.7%
Nissan
27.7%
Chevrolet
26.9%

Today's Daily Dose

You're not logged in!

Compare scores with friends on all Sporcle quizzes.
OR
Log In

You Might Also Like...

Show Comments

Extras

Top Quizzes Today


Score Distribution

Your Account Isn't Verified!

In order to create a playlist on Sporcle, you need to verify the email address you used during registration. Go to your Sporcle Settings to finish the process.

Report this User

Report this user for behavior that violates our Community Guidelines.

Details: